000 00630nam a2200193 i 4500
001 73019
003 ES-MaACL
005 20250629063127.0
007 t|
008 040906s1968 sp ||||1| spa d
100 1 _aGómez de Avellaneda, Gertrudis,
_d1814-1873
_957886
245 1 0 _aPoesías selectas /
_cGertrudis Gómez de Avellaneda ; estudio preliminar y selección de Benito Varela Jácome.
250 _a[1ª ed.].
260 _aBarcelona :
_bBruguera,
_c[1968]
300 _a222 p. ;
_c18 cm.
700 1 _aVarela Jácome, Benito.
_9113161
852 _aES-MaACL
_jC-34859
_bR.67141
999 _c73019
_d73019